|
|
|
|
| LEADER |
02949nam a2200721 4500 |
| 001 |
ocn772505575 |
| 003 |
OCoLC |
| 005 |
20170124070611.1 |
| 006 |
m o d |
| 007 |
cr |n||||||||| |
| 008 |
111013s2011 dcuab ob 001 0 eng d |
| 040 |
|
|
|a COO
|b eng
|e pn
|c COO
|d CGU
|d UIU
|d CUS
|d CGU
|d OCLCQ
|d DG1
|d YDXCP
|d IDEBK
|d N$T
|d E7B
|d DG1
|d OCLCF
|d OCLCO
|d OCLCA
|d OCLCQ
|d LOA
|d OCLCQ
|d GrThAP
|
| 019 |
|
|
|a 852158682
|a 960200230
|a 961604729
|a 962579012
|
| 020 |
|
|
|a 9781118667668
|q (electronic bk.)
|
| 020 |
|
|
|a 1118667662
|q (electronic bk.)
|
| 020 |
|
|
|a 9781118672419
|q (electronic bk.)
|
| 020 |
|
|
|a 1118672410
|q (electronic bk.)
|
| 020 |
|
|
|z 9780875907345
|
| 020 |
|
|
|z 0875907342
|
| 029 |
1 |
|
|a AU@
|b 000051539755
|
| 029 |
1 |
|
|a CHBIS
|b 010026837
|
| 029 |
1 |
|
|a CHVBK
|b 306229528
|
| 029 |
1 |
|
|a DEBBG
|b BV043393971
|
| 029 |
1 |
|
|a DKDLA
|b 820120-katalog:000696756
|
| 029 |
1 |
|
|a GBVCP
|b 790203510
|
| 029 |
1 |
|
|a NZ1
|b 15396471
|
| 035 |
|
|
|a (OCoLC)772505575
|z (OCoLC)852158682
|z (OCoLC)960200230
|z (OCoLC)961604729
|z (OCoLC)962579012
|
| 043 |
|
|
|a t------
|
| 050 |
|
4 |
|a QE350
|b .T42 2011
|
| 072 |
|
7 |
|a SCI
|x 019000
|2 bisacsh
|
| 082 |
0 |
4 |
|a 559.89
|2 23
|
| 049 |
|
|
|a MAIN
|
| 245 |
0 |
0 |
|a Tectonic, climatic, and cryospheric evolution of the Antarctic Peninsula /
|c John B. Anderson and Julia S. Wellner, editors.
|
| 264 |
|
1 |
|a Washington, DC :
|b American Geophysical Union,
|c [2011]
|
| 264 |
|
4 |
|c ©2011
|
| 300 |
|
|
|a 1 online resource (v, 218 pages) :
|b illustrations (some color), maps (some color).
|
| 336 |
|
|
|a text
|b txt
|2 rdacontent
|
| 337 |
|
|
|a computer
|b c
|2 rdamedia
|
| 338 |
|
|
|a online resource
|b cr
|2 rdacarrier
|
| 490 |
1 |
|
|a Special publication ;
|v 63
|
| 588 |
0 |
|
|a Print version record.
|
| 504 |
|
|
|a Includes bibliographical references and index.
|
| 650 |
|
0 |
|a Geology
|z Antarctica.
|
| 650 |
|
0 |
|a Geology, Stratigraphic
|y Cenozoic.
|
| 650 |
|
0 |
|a Morphotectonics
|z Antarctica.
|
| 650 |
|
0 |
|a Climatic changes
|z Antarctica.
|
| 650 |
|
7 |
|a SCIENCE
|x Earth Sciences
|x General.
|2 bisacsh
|
| 650 |
|
7 |
|a Cenozoic Geologic Period.
|2 fast
|0 (OCoLC)fst01352268
|
| 650 |
|
7 |
|a Climatic changes.
|2 fast
|0 (OCoLC)fst00864229
|
| 650 |
|
7 |
|a Geology.
|2 fast
|0 (OCoLC)fst00940627
|
| 650 |
|
7 |
|a Geology, Stratigraphic.
|2 fast
|0 (OCoLC)fst00940727
|
| 650 |
|
7 |
|a Morphotectonics.
|2 fast
|0 (OCoLC)fst01026468
|
| 651 |
|
0 |
|a Antarctica.
|
| 651 |
|
7 |
|a Antarctica.
|2 fast
|0 (OCoLC)fst01239992
|
| 648 |
|
7 |
|a From 65 million years ago
|2 fast
|
| 655 |
|
4 |
|a Electronic books.
|
| 700 |
1 |
|
|a Anderson, John B.,
|d 1944-
|
| 700 |
1 |
|
|a Wellner, Julia S.
|
| 710 |
2 |
|
|a American Geophysical Union.
|
| 776 |
0 |
8 |
|i Print version:
|t Tectonic, climatic, and cryospheric evolution of the Antarctic Peninsula.
|d Washington, DC : American Geophysical Union, ©2011
|z 9780875907345
|w (DLC) 2011040153
|w (OCoLC)757838225
|
| 830 |
|
0 |
|a Special publication (American Geophysical Union) ;
|v 63.
|
| 856 |
4 |
0 |
|u https://doi.org/10.1029/SP063
|z Full Text via HEAL-Link
|
| 994 |
|
|
|a 92
|b DG1
|